| 000 | 01410nam a2200361Ia 4500 | ||
|---|---|---|---|
| 001 | ebr10135726 | ||
| 003 | CaPaEBR | ||
| 006 | m u | ||
| 007 | cr cn||||||||| | ||
| 008 | 040514s2004 nyu sb 000 0 eng d | ||
| 010 | _z 2004052348 | ||
| 020 | _z1403980349 | ||
| 020 | _z1403963258 | ||
| 040 |
_aCaPaEBR _cCaPaEBR |
||
| 035 | _a(OCoLC)560470858 | ||
| 050 | 1 | 4 |
_aBR563.N4 _bL68 2004eb |
| 082 | 0 | 4 |
_a270/.089/96 _222 |
| 245 | 0 | 0 |
_aLoving the body _h[electronic resource] : _bBlack religious studies and the erotic / _cedited by Anthony B. Pinn and Dwight N. Hopkins. |
| 250 | _a1st ed. | ||
| 260 |
_aNew York : _bPalgrave Macmillan, _c2004. |
||
| 300 | _axiii, 362 p. | ||
| 490 | 1 | _aBlack religion, womanist thought, social justice | |
| 504 | _aIncludes bibliographical references. | ||
| 533 |
_aElectronic reproduction. _bPalo Alto, Calif. : _cebrary, _d2009. _nAvailable via World Wide Web. _nAccess may be limited to ebrary affiliated libraries. |
||
| 650 | 0 |
_aAfrican Americans _xReligion. |
|
| 650 | 0 |
_aSex _xReligious aspects _xChristianity. |
|
| 655 | 7 |
_aElectronic books. _2local |
|
| 700 | 1 | _aHopkins, Dwight N. | |
| 700 | 1 | _aPinn, Anthony B. | |
| 710 | 2 | _aebrary, Inc. | |
| 830 | 0 | _aBlack religion, womanist thought, social justice. | |
| 856 | 4 | 0 |
_uhttp://site.ebrary.com/lib/rucke/Doc?id=10135726 _zAn electronic book accessible through the World Wide Web; click to view |
| 999 |
_c189326 _d189326 |
||